000
00311pab a2200121 454500
008
180718b xxu||||| |||| 00| 0 eng d
100
_a
Lindsey Lawrence B.
245
_a
The limits of monetary policy
362
_a
(113), Fall 93, p.28-39
650
_a
Monetary Policy
773
_a
Public Interest
909
_a
25430
999
_c
25430
_d
25430